000 01360nam a22002897a 4500
999 _c23613
_d23613
003 AR-CdUCM
008 260421b20212021 pe||||| |||| 00| 0 spa d
020 _a978-612-4395-40-6
040 _aMUNICIPALIDAD PROVINCIAL DEL CUSCO
_cBIBLIOTECA MUNICIPAL DEL CUSCO
041 _hspa
082 _a980.02
_bR3
110 _aUniversidad Nacional Mayor de san Marcos /
_952612
245 _aRepublicas Sudamericanas en construcción :
_bHacia una historia en común /
260 _aLima-Perú
_bPetróleos del Perú SA.
_c2021
300 _a243 páginas. :
_c23x17 cm.
505 _aEstructuras imperiales -- Nuevos estados -- De la monarquía -- Soberanía estatal -- De la menarquia a la repulir
650 _aMonarquía
_952613
650 _a Nuevos Estados
_99402
650 _aSoberanía Política
_952614
650 _aSoberanía popular
_915446
650 _aCentralismo
_94653
650 _aFederalismo
_912838
700 _aNatalia Sobrevilla Perea (editora)
_952615
856 _fwww.petroperu.com.pe
942 _2ddc
_cLIBROS
945 _apbjr
_d21-04-2026